[Event "Gibraltar Challengers Week 1"]
[Site "Gibraltar"]
[Date "2010.01.28"]
[Round "3.24"]
[White "Thingstad, Even"]
[Black "Plater, Ronald"]
[Result "1-0"]
[WhiteElo "2141"]
[BlackElo "1904"]
[PlyCount "52"]
[EventDate "2010.01.26"]
[SourceDate "2010.01.26"]

1. d4 d5 2. c4 e6 3. Nc3 Nf6 4. cxd5 exd5 5. Bg5 Be7 6. e3 O-O 7. Bd3 h6 8. Bh4
c6 9. Qc2 Re8 10. Nge2 Nbd7 11. O-O Ne4 12. Bxe7 Qxe7 13. Nxe4 dxe4 14. Bc4 Nb6
15. Bb3 Bg4 16. Ng3 Rad8 17. Rac1 g6 18. f3 Be6 19. fxe4 Qg5 20. Rf3 h5 21. e5
Bd5 22. Ne4 Bxe4 23. Bxf7+ Kg7 24. Qxe4 Re7 25. Rcf1 h4 26. Rf6 Qxf6 1-0

[Event "Gibraltar Challengers Week 1"]
[Site "Gibraltar"]
[Date "2010.01.28"]
[Round "3.25"]
[White "Loerke, Reinhard"]
[Black "Aerni, Andreas"]
[Result "0-1"]
[WhiteElo "1981"]
[BlackElo "2137"]
[PlyCount "96"]
[EventDate "2010.01.26"]
[SourceDate "2010.01.26"]

1. e4 d5 2. exd5 Qxd5 3. Nc3 Qa5 4. Bc4 Nf6 5. Nf3 c6 6. Qe2 Qc7 7. O-O b5 8.
Bb3 Bb7 9. Ne5 e6 10. Re1 Bd6 11. Nxf7 Kxf7 12. Bxe6+ Kf8 13. d4 Nbd7 14. Bg5
h6 15. Bh4 g5 16. Bg3 Bxg3 17. fxg3 Kg7 18. Bxd7 Qxd7 19. Qe7+ Kg6 20. Qxd7
Nxd7 21. Re7 Rh7 22. Re6+ Kf7 23. Rae1 Nf6 24. Rd6 Rf8 25. d5 cxd5 26. Nxb5 Ne4
27. Rd7+ Kg8 28. Rxh7 Kxh7 29. a3 a6 30. Nd4 a5 31. g4 Ba6 32. Nc6 Rf2 33. Rc1
a4 34. Nb4 Bc4 35. Nd3 Rd2 36. Ne5 Be2 37. Nf3 Rd1+ 38. Rxd1 Bxd1 39. c3 Bxf3
40. gxf3 Nc5 41. Kf2 Nd3+ 42. Ke3 Nxb2 43. Kd4 Nc4 44. Kxd5 Nxa3 45. c4 Nc2 46.
c5 a3 47. c6 Nb4+ 48. Kc4 a2 0-1

[Event "Gibraltar Challengers Week 1"]
[Site "Gibraltar"]
[Date "2010.01.28"]
[Round "3.26"]
[White "Skage, Oystein Aagedal"]
[Black "Straub, Peter"]
[Result "0-1"]
[WhiteElo "1935"]
[BlackElo "2116"]
[PlyCount "68"]
[EventDate "2010.01.26"]
[SourceDate "2010.01.26"]

1. e4 c5 2. Nf3 e6 3. d4 cxd4 4. Nxd4 a6 5. c4 Nf6 6. Nc3 d6 7. Bd3 Be7 8. Qe2
Qc7 9. Be3 Nbd7 10. f4 b6 11. Rc1 Bb7 12. b4 Rc8 13. O-O O-O 14. Nb3 Qb8 15.
Nd2 Rfe8 16. Na4 Bc6 17. b5 axb5 18. cxb5 Ba8 19. Nc4 Bd8 20. e5 dxe5 21. fxe5
Nxe5 22. Bf4 Qa7 23. Bxe5 Qxa4 24. Rb1 Be7 25. Rf4 Qa7 26. Rbf1 Rc5 27. h4 Rd8
28. g4 Qb7 29. R1f3 Rcd5 30. g5 Rxd3 31. Rxd3 Rxd3 32. gxf6 Rg3+ 33. Kf1 Qh1+
34. Kf2 Qg1# 0-1

[Event "Gibraltar Challengers Week 1"]
[Site "Gibraltar"]
[Date "2010.01.28"]
[Round "3.27"]
[White "Flermoen, Peter"]
[Black "Pereira, Johnharry"]
[Result "1-0"]
[WhiteElo "2108"]
[BlackElo "1892"]
[PlyCount "65"]
[EventDate "2010.01.26"]
[SourceDate "2010.01.26"]

1. e4 c6 2. d4 d5 3. Nc3 dxe4 4. Nxe4 Nd7 5. Ng5 e6 6. Bd3 Ngf6 7. N1f3 Bd6 8.
Qe2 h6 9. Ne4 Nxe4 10. Qxe4 Nf6 11. Qe2 Qc7 12. O-O O-O 13. c3 c5 14. h3 b6 15.
Ne5 Bb7 16. Re1 Rac8 17. Bd2 Rfd8 18. Rad1 Qe7 19. Bb1 cxd4 20. cxd4 Bb8 21.
Bc3 Qd6 22. Qd2 Qd5 23. f3 Bxe5 24. Rxe5 Qxe5 25. dxe5 Rxd2 26. Bxd2 Nd5 27.
Be4 Kf8 28. Kf2 Ke8 29. g4 Rc5 30. h4 Bc6 31. b3 Nc3 32. Bxc6+ Rxc6 33. Rc1 1-0

[Event "Gibraltar Challengers Week 1"]
[Site "Gibraltar"]
[Date "2010.01.28"]
[Round "3.28"]
[White "Moreno Cervera, Jose Luis"]
[Black "Demac, Elias"]
[Result "0-1"]
[WhiteElo "1929"]
[BlackElo "2104"]
[PlyCount "90"]
[EventDate "2010.01.26"]
[SourceDate "2010.01.26"]

1. d4 f5 2. Bf4 Nf6 3. e3 g6 4. Nf3 Bg7 5. Bc4 d5 6. Bb3 O-O 7. c4 e6 8. Qc2
Nc6 9. a3 h6 10. h4 Kh7 11. Ba2 Nh5 12. Bh2 f4 13. Nbd2 dxc4 14. O-O-O b5 15.
Bb1 Qe8 16. Ng5+ hxg5 17. hxg5 e5 18. d5 Bf5 19. Ne4 Na5 20. Ba2 Nb7 21. exf4
Nc5 22. f3 exf4 23. Rhe1 Nd3+ 24. Rxd3 cxd3 25. Qxd3 Qe5 26. Qd2 Qd4 27. Qe2
Rae8 28. Bg1 Qa4 29. Bc5 Ng3 30. Qd2 Bxe4 31. b3 Qa6 32. fxe4 Nxe4 33. Rh1+ Kg8
34. Qc2 Nxc5 35. Qxc5 Qd6 36. b4 Qxc5+ 37. bxc5 Bd4 38. Rh6 Kg7 39. Bb1 Re1+
40. Kc2 Rh8 41. d6 cxd6 42. Rxh8 Kxh8 43. c6 Bb6 44. Kb2 Kg7 45. Bd3 a6 0-1

[Event "Gibraltar Challengers Week 1"]
[Site "Gibraltar"]
[Date "2010.01.28"]
[Round "3.29"]
[White "Savage, Neil"]
[Black "Havik, Victor"]
[Result "0-1"]
[WhiteElo "1755"]
[BlackElo "2093"]
[PlyCount "46"]
[EventDate "2010.01.26"]
[SourceDate "2010.01.26"]

1. c4 e5 2. Nc3 Nf6 3. Nf3 Nc6 4. d4 exd4 5. Nxd4 Bb4 6. Bg5 h6 7. Bh4 Bxc3+ 8.
bxc3 Ne5 9. e3 d6 10. Be2 O-O 11. Qc2 Be6 12. Nxe6 fxe6 13. O-O Qe8 14. f4 Ned7
15. Bd3 Qh5 16. Bxf6 Rxf6 17. Rf3 Raf8 18. Rh3 Qc5 19. Rb1 a6 20. Qf2 Ne5 21.
Qe2 Rxf4 22. Rxb7 Rf2 23. Rxh6 Rxe2 0-1

[Event "Gibraltar Challengers Week 1"]
[Site "Gibraltar"]
[Date "2010.01.28"]
[Round "3.30"]
[White "Gravett, Alan D"]
[Black "Mascarenhas, Alberto Pinheiro"]
[Result "0-1"]
[WhiteElo "1926"]
[BlackElo "2238"]
[PlyCount "58"]
[EventDate "2010.01.26"]
[SourceDate "2010.01.26"]

1. g3 f5 2. Nf3 Nf6 3. Bg2 d6 4. d4 g6 5. O-O Bg7 6. d5 O-O 7. c4 c5 8. Ng5 h6
9. Ne6 Bxe6 10. dxe6 Nc6 11. Nc3 Qc8 12. e3 Kh7 13. Nb5 a6 14. Nxd6 exd6 15.
Qxd6 Rd8 16. Qxc5 Qxe6 17. Qb6 Rab8 18. e4 Nxe4 19. Bf4 Bd4 20. Qb3 Be5 21.
Bxe5 Nxe5 22. Rfd1 Rxd1+ 23. Rxd1 Qxc4 24. Qe3 Re8 25. f3 Nf6 26. Qb6 Qc6 27.
Qb3 Nc4 28. Rc1 b5 29. Kh1 Qe6 0-1

[Event "Gibraltar Challengers Week 1"]
[Site "Gibraltar"]
[Date "2010.01.28"]
[Round "3.31"]
[White "Martsynovskaya, Marina"]
[Black "Winkler, Stefan"]
[Result "1-0"]
[WhiteElo "2184"]
[BlackElo "1916"]
[PlyCount "47"]
[EventDate "2010.01.26"]
[SourceDate "2010.01.26"]

1. e4 e6 2. d4 d5 3. Nc3 Nf6 4. Bg5 Be7 5. Bxf6 Bxf6 6. e5 Be7 7. Qg4 O-O 8.
O-O-O c5 9. f4 cxd4 10. Nb5 Nc6 11. Nf3 Qa5 12. Kb1 Nb4 13. a3 d3 14. axb4 Qxb5
15. Bxd3 Qxb4 16. c3 Qa4 17. Bxh7+ Kxh7 18. Rd4 Qe8 19. Qh5+ Kg8 20. Ng5 Bxg5
21. fxg5 f5 22. g6 Rf6 23. exf6 gxf6 24. Qh7+ 1-0

[Event "Gibraltar Challengers Week 1"]
[Site "Gibraltar"]
[Date "2010.01.28"]
[Round "3.32"]
[White "Grant, David"]
[Black "Navarro Perez, Manuel"]
[Result "0-1"]
[WhiteElo "1913"]
[BlackElo "2099"]
[PlyCount "50"]
[EventDate "2010.01.26"]
[SourceDate "2010.01.26"]

1. e4 g6 2. d4 Bg7 3. Nc3 d6 4. f4 Nf6 5. Nf3 O-O 6. Be3 c5 7. dxc5 Qa5 8. Bd3
Ng4 9. Bd4 Bxd4 10. Nxd4 Qxc5 11. h3 Ne3 12. Qe2 Qxd4 13. Rb1 a6 14. Qf2 Nc6
15. Ne2 Qc5 16. c3 b5 17. b3 f5 18. g4 fxg4 19. hxg4 Nxg4 20. Qh4 Rf7 21. f5
Nce5 22. Rh3 gxf5 23. b4 Nxd3+ 24. Rxd3 Qe5 25. Kd2 fxe4 0-1

[Event "Gibraltar Challengers Week 1"]
[Site "Gibraltar"]
[Date "2010.01.28"]
[Round "3.33"]
[White "Hamer, Martyn"]
[Black "Wright, Jonathan"]
[Result "1-0"]
[WhiteElo "2039"]
[BlackElo "1808"]
[PlyCount "39"]
[EventDate "2010.01.26"]
[SourceDate "2010.01.26"]

1. d4 Nf6 2. c4 c5 3. d5 d6 4. Nc3 g6 5. e4 Bg7 6. Be2 O-O 7. Bg5 Na6 8. f4 Qa5
9. Qd2 Re8 10. Nf3 Nc7 11. O-O Bd7 12. a4 Na6 13. e5 Ng4 14. h3 Nh6 15. g4 f6
16. Bxh6 Bxh6 17. e6 Bc8 18. g5 Bg7 19. f5 fxg5 20. Nxg5 1-0

[Event "Gibraltar Challengers Week 1"]
[Site "Gibraltar"]
[Date "2010.01.28"]
[Round "3.34"]
[White "Sommerhalder, Eric"]
[Black "Bryn, Askild"]
[Result "1/2-1/2"]
[WhiteElo "1899"]
[BlackElo "2036"]
[PlyCount "61"]
[EventDate "2010.01.26"]
[SourceDate "2010.01.26"]

1. e4 c5 2. Nf3 Nc6 3. d4 cxd4 4. Nxd4 e5 5. Nb5 h6 6. c4 Nf6 7. N1c3 a6 8.
Nd6+ Bxd6 9. Qxd6 Qe7 10. Qxe7+ Kxe7 11. Be3 d6 12. O-O-O Be6 13. c5 dxc5 14.
Bxc5+ Ke8 15. f3 Rc8 16. Kb1 Nd7 17. Be3 Na5 18. Nd5 Nc4 19. Bxc4 Rxc4 20. Rc1
Bxd5 21. exd5 Rxc1+ 22. Rxc1 Kd8 23. d6 Re8 24. Bd2 Re6 25. Bb4 b6 26. Rc7 a5
27. Ba3 Rg6 28. Ra7 Kc8 29. Rc7+ Kd8 30. Ra7 Kc8 31. Rc7+ 1/2-1/2

[Event "Gibraltar Challengers Week 1"]
[Site "Gibraltar"]
[Date "2010.01.28"]
[Round "3.35"]
[White "Steinskog, Asbjorn Ottesen"]
[Black "McBeth, Michael J"]
[Result "1/2-1/2"]
[WhiteElo "1884"]
[BlackElo "2011"]
[PlyCount "60"]
[EventDate "2010.01.26"]
[SourceDate "2010.01.26"]

1. Nf3 Nf6 2. c4 e6 3. g3 c5 4. Bg2 Nc6 5. O-O d5 6. cxd5 exd5 7. d4 Be7 8. Nc3
O-O 9. Bg5 cxd4 10. Nxd4 Be6 11. Nxe6 fxe6 12. Bh3 Qd7 13. e4 Rad8 14. Bxf6
Bxf6 15. exd5 Nd4 16. Qxd4 Bxd4 17. Bxe6+ Kh8 18. Bxd7 Rxd7 19. Rad1 Bf6 20.
Rd3 Rfd8 21. Rfd1 h6 22. R1d2 Bxc3 23. bxc3 Rc8 24. f4 Kg8 25. Re2 Rc5 26. Re5
Ra5 27. Rd2 Rc5 28. Rd3 Ra5 29. Rd2 Rc5 30. Rd3 Ra5 1/2-1/2

[Event "Gibraltar Challengers Week 1"]
[Site "Gibraltar"]
[Date "2010.01.28"]
[Round "3.36"]
[White "Obiamiwe, Paul"]
[Black "Bishop, Geoffrey L"]
[Result "1-0"]
[WhiteElo "2046"]
[BlackElo "1851"]
[PlyCount "87"]
[EventDate "2010.01.26"]
[SourceDate "2010.01.26"]

1. e4 Nf6 2. e5 Nd5 3. d4 d6 4. Nf3 Bg4 5. Be2 Nc6 6. exd6 cxd6 7. O-O e6 8. c4
Nb6 9. d5 exd5 10. cxd5 Bxf3 11. Bxf3 Ne5 12. Be2 Be7 13. Bb5+ Ned7 14. Re1 O-O
15. Nc3 Rc8 16. Qg4 Ne5 17. Qh5 Nbc4 18. Qe2 a6 19. Bxc4 Nxc4 20. Qxe7 Qb6 21.
Qe2 h6 22. Nd1 Qa5 23. b3 Ne5 24. Ne3 Rfe8 25. Bb2 Ng6 26. Qd3 Ne5 27. Bxe5
Rxe5 28. Rec1 Rce8 29. Nc4 Re1+ 30. Rxe1 Rxe1+ 31. Rxe1 Qxe1+ 32. Qf1 Qe4 33.
Qd1 Qg6 34. g3 b5 35. Ne3 Qe4 36. Qc2 Qxc2 37. Nxc2 Kf8 38. Nb4 a5 39. Nc6 a4
40. Kf1 Ke8 41. Ke2 Kd7 42. Nd4 axb3 43. axb3 b4 44. Nc6 1-0

[Event "Gibraltar Challengers Week 1"]
[Site "Gibraltar"]
[Date "2010.01.28"]
[Round "3.37"]
[White "Chidi, Lovinia Sylvia"]
[Black "Kandic, Milan"]
[Result "0-1"]
[WhiteElo "1832"]
[BlackElo "2216"]
[PlyCount "76"]
[EventDate "2010.01.26"]
[SourceDate "2010.01.26"]

1. e4 d6 2. d4 Nf6 3. Nc3 e5 4. dxe5 dxe5 5. Qxd8+ Kxd8 6. Bg5 c6 7. Bxf6+ gxf6
8. a3 Be6 9. g3 Kc7 10. Bh3 Bc5 11. Bxe6 fxe6 12. Nge2 Bd4 13. Nxd4 exd4 14.
Ne2 c5 15. c3 Nc6 16. cxd4 cxd4 17. Rc1 e5 18. b4 a6 19. Kd2 h5 20. f4 Rhf8 21.
f5 Rfe8 22. Rc5 Kb6 23. Rhc1 h4 24. gxh4 Rh8 25. Rg1 Rxh4 26. Rg2 Rxe4 27. Rc1
Re3 28. Rg3 Rh8 29. Rxe3 dxe3+ 30. Kxe3 Rxh2 31. Nc3 Rh3+ 32. Kd2 Nd4 33. Nd5+
Ka7 34. Rc3 Rh2+ 35. Ke1 Nxf5 36. Nxf6 Nd4 37. Nd7 e4 38. Nc5 e3 0-1

[Event "Gibraltar Challengers Week 1"]
[Site "Gibraltar"]
[Date "2010.01.28"]
[Round "3.38"]
[White "Weeramantry, Sunil"]
[Black "Rough, Robert E"]
[Result "1-0"]
[WhiteElo "2201"]
[BlackElo "1811"]
[PlyCount "69"]
[EventDate "2010.01.26"]
[SourceDate "2010.01.26"]

1. e4 d6 2. d4 Nf6 3. Nc3 e5 4. Nf3 exd4 5. Nxd4 Be7 6. Be2 O-O 7. O-O Bd7 8.
f4 Nc6 9. Be3 a6 10. a4 Nxd4 11. Bxd4 c5 12. Bxf6 gxf6 13. f5 Kh8 14. Bc4 Be8
15. Qh5 Rg8 16. Rf3 Rg5 17. Qh4 Rg7 18. Rd1 Bc6 19. Rg3 Rxg3 20. Qxg3 Qg8 21.
Qxg8+ Kxg8 22. Rd3 Bf8 23. Rg3+ Bg7 24. Kf2 Kf8 25. Rh3 b6 26. Bd5 Bxd5 27.
Nxd5 b5 28. Rb3 b4 29. a5 Rb8 30. c3 Rb5 31. cxb4 cxb4 32. Rxb4 Rxb4 33. Nxb4
Ke8 34. Nxa6 Kd7 35. Nb4 1-0

[Event "Gibraltar Challengers Week 1"]
[Site "Gibraltar"]
[Date "2010.01.28"]
[Round "3.39"]
[White "Byrn, Carsten"]
[Black "Flanagan, Samuel"]
[Result "1-0"]
[WhiteElo "2171"]
[BlackElo "1787"]
[PlyCount "79"]
[EventDate "2010.01.26"]
[SourceDate "2010.01.26"]

1. d4 d5 2. c4 c6 3. Nf3 Nf6 4. Nc3 a6 5. c5 Bg4 6. Ne5 Bf5 7. Bf4 Nbd7 8. e3
Nxe5 9. Bxe5 Nd7 10. Bg3 e5 11. b4 e4 12. Be2 Be7 13. h3 O-O 14. O-O Bh4 15.
Bf4 Bg5 16. Bd6 Be7 17. Bh2 Be6 18. a4 f5 19. b5 Bg5 20. Qb3 Qf6 21. bxc6 bxc6
22. Bd6 Rfe8 23. a5 f4 24. exf4 Bxf4 25. Bxf4 Qxf4 26. Na4 Qf6 27. Qe3 Qg6 28.
Nb6 Ra7 29. Nxd7 Bxd7 30. Rab1 Rf8 31. Rb6 Bc8 32. f4 Qh6 33. Qg3 Qf6 34. Rd1
Bf5 35. Qg5 Bc8 36. Qxf6 Rxf6 37. Rb8 Rf8 38. Rdb1 Rc7 39. R1b6 Rxf4 40. Rxa6 {
time} 1-0

[Event "Gibraltar Challengers Week 1"]
[Site "Gibraltar"]
[Date "2010.01.28"]
[Round "3.40"]
[White "Annetts, Ivor S"]
[Black "Hansen, Erle Andrea Marki"]
[Result "1/2-1/2"]
[WhiteElo "1848"]
[BlackElo "1800"]
[PlyCount "103"]
[EventDate "2010.01.26"]
[SourceDate "2010.01.26"]

1. e4 c5 2. c3 g6 3. d4 cxd4 4. cxd4 Bg7 5. Nf3 d6 6. h3 Nc6 7. Be3 e6 8. Nc3
Nge7 9. Qd2 d5 10. Bh6 Bxh6 11. Qxh6 dxe4 12. Nxe4 Nf5 13. Qd2 Nfxd4 14. Be2 f5
15. Nc3 O-O 16. Rd1 Nxf3+ 17. Bxf3 Qf6 18. O-O Ne5 19. Be2 Nf7 20. Bc4 a6 21.
Qe2 Qe5 22. Rfe1 Qxe2 23. Rxe2 Nd8 24. Rde1 Kf7 25. Rd2 b5 26. Bb3 Nb7 27. a3
Re8 28. Ne2 Nc5 29. Ba2 Kf6 30. f3 a5 31. Nf4 Ra7 32. Rde2 Ree7 33. b4 axb4 34.
axb4 Na4 35. Bxe6 Bxe6 36. Rxe6+ Kf7 37. Kf2 Rac7 38. Rxe7+ Rxe7 39. Rxe7+ Kxe7
40. Ke3 Nb6 41. Kd4 Kd6 42. h4 Nd7 43. Nd5 Ne5 44. Nf6 Nc6+ 45. Kc3 h5 46. g3
Ke6 47. Nh7 Kd5 48. Nf6+ Kd6 49. f4 Ke6 50. Ne8 Kd7 51. Nf6+ Ke6 52. Ne8
1/2-1/2